UFC: Champions with Worst Win Percentages - Statistics

General Stats
  • This quiz has been taken 122 times
    113 since last reset
  • The average score is 10 of 20
Answer Stats
Country Years Division (c) Bouts Wins % Answer % Correct
USA 2001-2019 LW/WW 27 12 44.44 B.J. Penn
80%
USA 2013-2021 WW 16 9 56.25 Tyron Woodley
62%
USA 2013-2021* MW 10 6 60.00 Luke Rockhold
56%
USA 2007-2022* BW/FTW/LW 30 18 60.00 Frankie Edgar
55%
USA 2001-2010 WW 14 7 50.00 Matt Serra
55%
USA 1997-2012 LHW 27 15 55.56 Tito Ortiz
54%
BRA 2007-2021* LHW 23 11 47.83 Maurício Rua
53%
BRA 2008-2021* LW 19 11 57.89 Rafael dos Anjos
51%
USA 2002-2021* WW 23 14 60.87 Robbie Lawler
51%
USA 2011-2020 LW 20 11 55.00 Anthony Pettis
49%
USA 2014-2018 LW 8 4 50.00 Eddie Alvarez
49%
BRA 2012-2019 BW 17 9 52.94 Renan Barão
49%
USA 2005-2018 LHW 23 14 60.87 Rashad Evans
47%
BRA 1997-2018 LHW 26 15 57.69 Vitor Belfort
45%
USA 2001-2016 HW 27 16 59.26 Frank Mir
44%
USA 2015-2021* W-BW 12 7 58.33 Holly Holm
42%
CAN 1998-2004 WW 7 3 42.86 Carlos Newton
41%
USA 1996-2010 HW 12 7 58.33 Mark Coleman
35%
USA 1997-2000 HW 7 4 57.14 Maurice Smith
29%
USA 2001-2006 MW 6 2 33.33 Dave Menne
24%
No matching quizzes found
Score Distribution
Percent of People with Each Score
Percentile by Number Answered
Your Score History
You have not taken this quiz since the last reset